ბათუმის შოთა რუსთაველის სახელმწიფო უნივერსიტეტის ბიბლიოთეკა

Измерительные устройства для контроля качества нефтепродуктов. (ბიბ.ჩანაწერი № 37130)

000 -LEADER
fixed length control field 00538nam a2200205Ia 4500
001 - CONTROL NUMBER
control field 3086
003 - CONTROL NUMBER IDENTIFIER
control field GE_BSU
008 - FIXED-LENGTH DATA ELEMENTS--GENERAL INFORMATION
fixed length control field 181216s||||||||xx |||||||||||||| ||und||
040 ## - CATALOGING SOURCE
Transcribing agency GE_BSU
080 ## - UNIVERSAL DECIMAL CLASSIFICATION NUMBER
Universal Decimal Classification number 665.63/65
245 ## - TITLE STATEMENT
Title Измерительные устройства для контроля качества нефтепродуктов.
245 ## - TITLE STATEMENT
Statement of responsibility, etc. ред.С.Т.Тамарченко
260 ## - PUBLICATION, DISTRIBUTION, ETC.
Place of publication, distribution, etc. Л
260 ## - PUBLICATION, DISTRIBUTION, ETC.
Name of publisher, distributor, etc. Химия
260 ## - PUBLICATION, DISTRIBUTION, ETC.
Date of publication, distribution, etc. 1981
300 ## - PHYSICAL DESCRIPTION
Extent 264стр.
300 ## - PHYSICAL DESCRIPTION
Other physical details илл.
300 ## - PHYSICAL DESCRIPTION
Dimensions 22см
942 ## - ADDED ENTRY ELEMENTS (KOHA)
Koha item type წიგნი
ეგზემპლარები
Withdrawn status Lost status Damaged status Not for loan Date acquired Barcode Date last seen Price effective from Koha item type
        2018-12-17 9489 2018-12-17 2018-12-17 წიგნი
        2018-12-17 9501 2018-12-17 2018-12-17 წიგნი
        2018-12-17 9502 2018-12-17 2018-12-17 წიგნი